| 000 | 01666nab a22003137a 4500 | ||
|---|---|---|---|
| 999 |
_c5648 _d5648 |
||
| 003 | OSt | ||
| 005 | 20251226213122.0 | ||
| 008 | 190603e xxum|||| |||| 00| 0 spa d | ||
| 040 | _cPJ | ||
| 100 |
_96613 _a Rodríguez, Jorgelina L. |
||
| 245 | 1 | 0 |
_aCompensación económica. Cuantiosa suma para una abogada que postergó su crecimiento profesional en pos del proyecto familiar / _cJorgelina L. Rodríguez. |
| 260 |
_cCiudad Autónoma de Buenos Aires : _aThomson Reuters La Ley, _b2025. |
||
| 300 | _ap. 164-172 | ||
| 500 | _aCita: TR LALEY AR/DOC/431/2025 Publicado en: RCCyC 2025 (junio). | ||
| 505 | _aSumario: I. Introducción.— II. Compensación económica.— III. Los hechos del caso y la sentencia de primera instancia.— IV. Procedencia y cuantificación de la compensación económica en el fallo bajo análisis. "Mirada hacia el futuro".— V. Conclusión. | ||
| 505 | _aFallo comentado: CApel. Comodoro Rivadavia ~ 07/11/2024 ~ R. C. c. H., N. A. s/ determinación de compensación económica. | ||
| 505 | _t¿Te interesa el texto completo? Solicitalo al correo: koha@justierradelfuego.gov.ar | ||
| 650 | 0 |
_91497 _aCODIGO CIVIL Y COMERCIAL |
|
| 650 | 0 |
_9967 _aDERECHO DE FAMILIA |
|
| 650 | 0 |
_95830 _aCOMPENSACIÓN ECONÓMICA |
|
| 650 | 0 |
_9962 _aMATRIMONIO |
|
| 650 | 0 |
_95369 _aCÓNYUGE |
|
| 650 | 0 |
_9977 _aDIVORCIO |
|
| 650 | 0 |
_94044 _aPERSPECTIVA DE GÉNERO |
|
| 650 | 0 |
_91021 _aDISOLUCION DE LA SOCIEDAD CONYUGAL |
|
| 650 | 0 |
_95328 _aRÉGIMEN DE COMUNIDAD DE BIENES |
|
| 773 | 0 |
_02713 _93170 _dCiudad Autónoma de Buenos Aires : Thomson Reuters La Ley, 2015- _tRevista Código Civil y Comercial. Nº 3 - Junio 2025 |
|
| 942 |
_2udc _cANA |
||